C Literature - Statistics

General Stats
  • This quiz has been taken 147 times
  • The average score is 14 of 25
Answer Stats
Hint Answer % Correct
Book about a girl, a spider, and a pig Charlotte's Web
98%
Fairy tale girl with an evil stepmother whose name fits this category Cinderella
87%
Last name of best-selling author of all time, creator of Miss Marple and Hercule Poirot Christie
84%
Amusing book about food weather, _______ with a Chance of Meatballs Cloudy
83%
Alice encounters this cat in Wonderland Cheshire
82%
Novel by the answer above ______ among the Pigeons Cat
81%
Name of the boy who wins the golden ticket in a Roald Dahl book Charlie
79%
Joseph Heller's famous novel Catch 22
71%
Hen who claimed the sky was falling Chicken Little
68%
The red dog who would not stop growing Clifford
66%
Last name of the author of Heart of Darkness Conrad
66%
Character from Sleepy Hollow with a bird like name, Ichabod _____ Crane
64%
Famous and prolific science fiction writer, Arthur C. ________ Clarke
61%
Adjective and name for this little monkey who continually finds trouble Curious
58%
Jack London novel recently made into a film The Call of the Wild
56%
Last name of the best-selling author of Jurassic Park Crichton
49%
Last name of the author of Hunt for Red October Clancy
48%
Last name of the author of My Antonia Cather
37%
The family name of Tiny Tim from A Christmas Carol Cratchit
37%
Main character of a book with her first name by Neil Gaiman Coraline
32%
Little boy whose best friend is a tiger Calvin
30%
French female writer and woman of letters, well known for Gigi Colette
27%
Mystery and thriller author, Harlan _______ Coben
22%
Last name of the author of Girl with a Pearl Earring Chevalier
12%
Author who wrote such greats as Sahara and Raise the Titanic (both names fit this category Clive Cussler
9%
No matching quizzes found
Score Distribution
Percent of People with Each Score
Percentile by Number Answered
Your Score History
You have not taken this quiz